Hindi vyangy sahity ek samikshatmak adhyayan (Record no. 123250)
[ view plain ]
| 000 -LEADER | |
|---|---|
| fixed length control field | 00860nam a2200277Ia 4500 |
| 003 - CONTROL NUMBER IDENTIFIER | |
| control field | OSt |
| 005 - DATE AND TIME OF LATEST TRANSACTION | |
| control field | 20260217161224.0 |
| 008 - FIXED-LENGTH DATA ELEMENTS--GENERAL INFORMATION | |
| fixed length control field | 210210b2016 xxu||||| |||| 00| 0 eng d |
| 020 ## - INTERNATIONAL STANDARD BOOK NUMBER | |
| International Standard Book Number | 9789382361176 |
| 040 ## - CATALOGING SOURCE | |
| Transcribing agency | AL |
| 041 ## - LANGUAGE CODE | |
| Language code of text/sound track or separate title | Hindi |
| 082 ## - DEWEY DECIMAL CLASSIFICATION NUMBER | |
| Classification number | H891.9 MANH |
| 100 ## - MAIN ENTRY--PERSONAL NAME | |
| Personal name | MANJUNATH (S E) |
| Dates associated with a name | मंजुनाथ (एस. ई.) |
| 9 (RLIN) | 255384 |
| 245 ## - TITLE STATEMENT | |
| Title | Hindi vyangy sahity ek samikshatmak adhyayan |
| Remainder of title | हिन्दी व्यंग्य साहित्य एक समीक्षात्मक अध्ययन |
| 260 ## - PUBLICATION, DISTRIBUTION, ETC. | |
| Place of publication, distribution, etc. | Kanpur |
| Name of publisher, distributor, etc. | Alka Prakashan |
| Date of publication, distribution, etc. | 2016 |
| 300 ## - PHYSICAL DESCRIPTION | |
| Extent | 159 |
| 650 ## - SUBJECT ADDED ENTRY--TOPICAL TERM | |
| Topical term or geographic name entry element | vyangy |
| 9 (RLIN) | 255385 |
| 650 ## - SUBJECT ADDED ENTRY--TOPICAL TERM | |
| Topical term or geographic name entry element | samikshatmak |
| 9 (RLIN) | 255386 |
| 650 ## - SUBJECT ADDED ENTRY--TOPICAL TERM | |
| Topical term or geographic name entry element | sahity |
| 9 (RLIN) | 255387 |
| 650 ## - SUBJECT ADDED ENTRY--TOPICAL TERM | |
| Topical term or geographic name entry element | Hindi |
| 9 (RLIN) | 255388 |
| 650 ## - SUBJECT ADDED ENTRY--TOPICAL TERM | |
| Topical term or geographic name entry element | ek |
| 9 (RLIN) | 255389 |
| 650 ## - SUBJECT ADDED ENTRY--TOPICAL TERM | |
| Topical term or geographic name entry element | adhyayan |
| 9 (RLIN) | 255390 |
| 690 ## - LOCAL SUBJECT ADDED ENTRY--TOPICAL TERM (OCLC, RLIN) | |
| Topical term or geographic name as entry element | Hindi Criticism |
| 9 (RLIN) | 255391 |
| 906 ## - LOCAL DATA ELEMENT F, LDF (RLIN) | |
| a | 073347 |
| 942 ## - ADDED ENTRY ELEMENTS (KOHA) | |
| Source of classification or shelving scheme | Dewey Decimal Classification |
| Koha item type | Book |
| Withdrawn status | Lost status | Source of classification or shelving scheme | Damaged status | Not for loan | Collection code | Home library | Current library | Shelving location | Date acquired | Source of acquisition | Cost, normal purchase price | Total Checkouts | Full call number | Barcode | Date last seen | Price effective from | Koha item type |
|---|---|---|---|---|---|---|---|---|---|---|---|---|---|---|---|---|---|
| Dewey Decimal Classification | Hindi | St Aloysius Library | St Aloysius Library | 02/17/2021 | Alka Prakashan Kanpur-208007 | 450.00 | H891.9 MANH | 073347 | 02/17/2021 | 02/17/2021 | Book |